TMNT Mutant Mayhem Characters - Statistics

General Stats
  • This quiz has been taken 49 times
  • The average score is 14 of 25
Answer Stats
Answer % Correct
Leonardo
98%
Michelangelo
95%
Raphael
95%
Splinter
95%
Donatello
93%
April O’Neil
86%
Rocksteady
76%
Bebop
74%
Shredder
69%
Superfly
69%
Baxter Stockman
55%
Mondo Gecko
55%
Wingnut
50%
Leatherhead
48%
Ray Fillet
48%
Normal Nate
43%
Genghis Frog
38%
Scumbug
38%
Cynthia Utrom
26%
Bad Bernie
21%
Spider
21%
Toupee Tom
21%
Short Sharon
17%
Bald Bronson
14%
Kevin (the cockroach)
10%
No matching quizzes found
Score Distribution
Percent of People with Each Score
Percentile by Number Answered
Your Score History
You have not taken this quiz